| 000 | 01395nam a2200301 a 4500 | ||
|---|---|---|---|
| 001 | 000043507 | ||
| 005 | 20201002044824.0 | ||
| 008 | 140320s2014 dr ac r 000 0 spa d | ||
| 020 | _a9789945887679 | ||
| 040 |
_aDO-SdBNP _bspa _cBNPHU |
||
| 082 |
_a339.46 _bP739m |
||
| 245 | 0 | 3 |
_aLa pobreza : _bmás que carencia económica / _cYoselman R. Mirabal... [et al.] ; edición general Yoselman R. Mirabal, Francisco Pablo Fortuna ; prólogo Jesús Villanueva. |
| 260 |
_aSanto Domingo : _bProducciones Mirabal, _c2014. |
||
| 300 |
_a166 p. : _bil., retrs. ; _c23 cm. |
||
| 500 | _aIncluye datos biográficos del autor en la solapa de la cubierta. | ||
| 500 | _aLa biblioteca posee un ejemplar autográfiado por el autor. | ||
| 504 | _aIncluye referencias bibliográficas y notas al final de capítulos. | ||
| 590 | _aInventariado, 2018/BT | ||
| 650 | 4 |
_aPobreza _zRepública Dominicana _92079 |
|
| 651 | 4 |
_aRepública Dominicana _xCondiciones Económicas _9281 |
|
| 651 | 4 |
_aRepública Dominicana _xCondiciones Sociales _946 |
|
| 700 | 1 | 2 |
_aMirabal Rosario,Yoselman Rodwin, _d1969- _940026 |
| 700 | 1 | 2 |
_aFortuna, Francisco Pablo, _eed. _971209 |
| 700 | 1 | 2 |
_aVillanueva, Jesús, _epról. _971210 |
| 710 | 2 | 2 |
_aExpocongreso Cultural Cristiano Internacional (ECCI) _971211 |
| 710 | 2 | 2 |
_aAsociación Dominicana de Teólogos Evangélicos (ADOTEVA) _971212 |
| 910 | _aValidado. Control de calidad. EMS | ||
| 999 |
_c42996 _d42996 |
||